| 000 | 00616nam a22002057a 4500 | ||
|---|---|---|---|
| 003 | OSt | ||
| 005 | 20140310182840.0 | ||
| 008 | 130608t xxu||||| |||| 00| 0 eng d | ||
| 020 | _a1901983412 | ||
| 050 |
_aGV 1445 _b.N972 2001 |
||
| 082 |
_aM 794.15 _bN972u 2001 |
||
| 245 |
_aUnderstanding chess move by move : _ba top-class grandmaster explains step-by-step how chess games are won _cNunn, John |
||
| 260 |
_aUK : _bGambit Publications Ltd., _cc2001. |
||
| 300 |
_a239 p. _bill. ; _c25 cm. |
||
| 521 | _aCollege Students | ||
| 526 | _c1210L-1700L | ||
| 541 | _j1 | ||
| 562 | _e1 | ||
| 942 |
_2lcc _cBK _kM |
||
| 999 |
_c16849 _d16849 |
||